Regierungsamtliche Jugendpolitik und ihre Folgen: eine methodologische Analyse und Dokumentation der legitimatorischen Funktion finalisierter Sozialwissenschaft

Saved in:  
Bibliographic Details
Main Author: Kreutz, Henrik 1938- (Author)
Format: Print Article
Language:German
Published: 1981
In: Angewandte Sozialforschung
Year: 1981, Volume: 9, Issue: 1, Pages: 59-83
Check availability: HBZ Gateway
Keywords:

MARC

LEADER 00000caa a22000002c 4500
001 1631351907
003 DE-627
005 20220607125213.0
007 tu
008 130306s1981 xx ||||| 00| ||ger c
035 |a (DE-627)1631351907 
035 |a (DE-576)379681056 
035 |a (DE-599)BSZ379681056 
040 |a DE-627  |b ger  |c DE-627  |e rakwb 
041 |a ger 
100 1 |a Kreutz, Henrik  |d 1938-  |0 (DE-588)129035033  |0 (DE-627)387886753  |0 (DE-576)284921521  |4 aut 
109 |a Kreutz, Henrik 1938- 
245 1 0 |a Regierungsamtliche Jugendpolitik und ihre Folgen  |b eine methodologische Analyse und Dokumentation der legitimatorischen Funktion finalisierter Sozialwissenschaft  |c Henrik Kreutz 
264 1 |c 1981 
336 |a Text  |b txt  |2 rdacontent 
337 |a ohne Hilfsmittel zu benutzen  |b n  |2 rdamedia 
338 |a Band  |b nc  |2 rdacarrier 
773 0 8 |i In  |t Angewandte Sozialforschung  |d Wien : AIAS, 1968  |g 9(1981), 1, Seite 59-83  |w (DE-627)129942154  |w (DE-600)392340-X  |w (DE-576)015506886  |x 0587-5234  |7 nnas 
773 1 8 |g volume:9  |g year:1981  |g number:1  |g pages:59-83 
951 |a AR 
ELC |b 1 
LOK |0 000 xxxxxcx a22 zn 4500 
LOK |0 001 3282006543 
LOK |0 003 DE-627 
LOK |0 004 1631351907 
LOK |0 005 20260220134953 
LOK |0 008 130306||||||||||||||||ger||||||| 
LOK |0 040   |a DE-21-110  |c DE-627  |d DE-21-110 
LOK |0 689   |a s  |a Finalisierung 
LOK |0 689   |a s  |a Wissenschaft 
LOK |0 852   |z Kein Bestand am IfK; Nachweis für KrimDok 
LOK |0 852   |a DE-21-110 
LOK |0 852 1  |m v  |9 00 
LOK |0 935   |a k110 
LOK |0 938   |k v 
LOK |0 939   |a 06-03-13  |b l01 
ORI |a WA-MARC-krimdoka001.raw